Comparative children's literature

Αποθηκεύτηκε σε:
Λεπτομέρειες βιβλιογραφικής εγγραφής
Κύριος συγγραφέας: O'Sullivan, Emer
Άλλοι συγγραφείς: Bell, Anthea (trlf)
Μορφή: Βιβλίο
Γλώσσα:English
German
Δημοσίευση: London ; New York : Routledge, [2005].
Θέματα:
Ετικέτες: Προσθήκη ετικέτας
Δεν υπάρχουν, Καταχωρήστε ετικέτα πρώτοι!

MARC

LEADER 00000cam a2200000 i 4500
001 1/83242
008 080418s2005 uk | ||| |||| ||eng||
020 |a 0415305519   |q (hbk.) 
035 |l 10096877 
040 |a GR-MyUa  |b gre  |e AACR2  
041 1 |a eng  |h ger 
082 7 |a 809.89282   |2 (22) 
100 1 |a O'Sullivan, Emer. 
245 1 0 |a Comparative children's literature /   |c Emer O' Sullivan ; translation by: Anthea Bell.  
260 |a London ; New York :   |b Routledge,   |c [2005].  
300 |a vii, 205 σ. ;   |c 24 εκ. 
500 |a Based on the writers' book Kinderliterarische Komparatistik.  
504 |a Βιβλιογραφία: σ. [165]-189.  
504 |a Περιλαμβάνει ευρετήριο.  
650 0 0 |a Children's literature  |x History and criticism. 
650 0 0 |a Children  |x Books and reading. 
650 0 0 |a Comparative literature. 
700 1 |a Bell, Anthea,  |e trlf 
767 0 8 |i Μεταφρασμένο ως:   |t Συγκριτική παιδική λογοτεχνία :  
852 |a INST  |b RHODES  |e 20080418  |h 809.89282 OSU  |p 005400029264  |q 005400029264  |t BK  |y 0 
901 |a BIBL4-2008-1 
909 |a Ρ  |b 152362 
922 |a 4ΕΛΗ  |b 200803  |c ΕΠΕΑΕΚ2/ΤΕΠΑΕΣ  |d ΕΛΕΥΘΕΡΟΥΔΑΚΗΣ 
970 |a ΧΑΡΙΟΠΟΛΙΤΟΥ  |b ΚΩΝΣΤΑΝΤΙΝΑ  |z 2008/04/18